| 000 | 01195nam0a2200313 i 4500 | ||
|---|---|---|---|
| 001 | RU\NLR\BIBL_A\010970203 | ||
| 005 | 20240921174439.0 | ||
| 010 |
_a9785906724083 _9500 |
||
| 021 |
_aRU _b2016-2256 _9137 |
||
| 035 | _a(NILC)RuMoRGB-008118207 | ||
| 035 | _a(NLR Aleph) 010970203 | ||
| 090 |
_a10817862 _c10817862 |
||
| 100 | _a20160203d2015 km y0rusy50 ca | ||
| 101 | 0 | _arus | |
| 102 | _aRU | ||
| 105 | _ay|||z|||000zy | ||
| 200 | 1 |
_aКонтроль и надзор как форма реализации правовой политики _eмонография _fБогославский Е. А. |
|
| 210 |
_aМосква _cНИИ ИЭП _d2015 |
||
| 215 |
_a122 с. _d21 |
||
| 320 | _aБиблиогр.: с. 109-121 (259 назв.) и в подстроч. примеч. | ||
| 606 | 1 |
_aГосударственный контроль _yРоссийская Федерация _92138499 _3RU\NLR\AUTH\661289238 |
|
| 675 | _a35 | ||
| 686 | 1 | _aХ621.071 | |
| 700 | 1 |
_aБогославский _bЕ. А. _gЕвгений Александрович |
|
| 801 | 0 |
_aRU _bРГБ _c20160119 _gRCR |
|
| 942 | _cBOOK | ||
| 980 | _aNBR | ||